[Event "Krasnoyarsk-ch"]
[Site "Krasnoyarsk"]
[Date "2016.03.20"]
[Round "7"]
[White "Izbranov, Alexander"]
[Black "Komov, Roman"]
[Result "0-1"]
[WhiteElo "2075"]
[BlackElo "2142"]
[PlyCount "83"]
[EventDate "2016.02.01"]
[EventType "swiss"]
[EventRounds "9"]
[EventCountry "RUS"]
[SourceTitle "CBM 171 Extra"]
[Source "ChessBase"]
[SourceDate "2016.04.26"]
[SourceVersion "1"]
[SourceVersionDate "2016.04.26"]
[SourceQuality "1"]

1. f4 Nf6 2. Nf3 d5 3. e3 g6 4. b3 Bg7 5. Bb2 0-0 6. Be2 c5 7. 0-0 Nc6 8. Bb5 Bd7 9. d3 Qb6 10. Bxc6 Bxc6 11. Qe1 d4 12. e4 Ng4 13. Na3 Qc7 14. Bc1 b5 15. h3 Nf6 16. Ne5 Nd7 17. Nxc6 Qxc6 18. Qe2 a5 19. Nb1 c4 20. a4 cxb3 21. cxb3 Nc5 22. Nd2 bxa4 23. bxa4 Nxa4 24. Ba3 Nc3 25. Qf3 Qd7 26. Nc4 Ra6 27. f5 Qc7 28. Rae1 Nb5 29. Bb2 Nd6 30. Rc1 Rc6 31. fxg6 hxg6 32. Nd2 Rxc1 33. Rxc1 Qb7 34. Ba3 Bh6 35. Rb1 Qd7 36. Nf1 Rc8 37. Nh2 Nb5 38. Bb2 a4 39. Ng4 Bg7 40. Rf1 Qe6 41. Ra1 Qb3 42. Bc1 0-1

[Event "Krasnoyarsk-ch"]
[Site "Krasnoyarsk"]
[Date "2016.03.16"]
[Round "3"]
[White "Mikhalchenko, Petr"]
[Black "Izbranov, Alexander"]
[Result "1-0"]
[WhiteElo "2331"]
[BlackElo "2075"]
[PlyCount "88"]
[EventDate "2016.02.01"]
[EventType "swiss"]
[EventRounds "9"]
[EventCountry "RUS"]
[SourceTitle "CBM 171 Extra"]
[Source "ChessBase"]
[SourceDate "2016.04.26"]
[SourceVersion "1"]
[SourceVersionDate "2016.04.26"]
[SourceQuality "1"]

1. Nf3 d5 2. g3 Nf6 3. b3 Bg4 4. Bg2 Bxf3 5. Bxf3 e5 6. d3 c6 7. 0-0 Nbd7 8. e4 dxe4 9. dxe4 Be7 10. a4 0-0 11. Bb2 Qc7 12. Nd2 Rad8 13. Qe2 Rfe8 14. Nc4 Bc5 15. Rfd1 b5 16. Ne3 Bxe3 17. Qxe3 b4 18. a5 c5 19. Be2 Nf8 20. Rxd8 Rxd8 21. Bc4 Re8 22. c3 bxc3 23. Bxc3 Ne6 24. Bxe6 Rxe6 25. f3 Re8 26. Qd3 Nd7 27. Rd1 Nf8 28. Qd5 h6 29. Kg2 Re6 30. Qa8 Qe7 31. Rd8 g5 32. Qc8 Kg7 33. Rd5 Ng6 34. Rd7 Qf6 35. Qxc5 Rc6 36. Qe3 a6 37. Rd2 Qe6 38. Rd5 Qc8 39. Be1 Rc2+ 40. Rd2 Rc3 41. Qb6 g4 42. Rf2 gxf3+ 43. Rxf3 Rxf3 44. Kxf3 h5 1-0

[Event "Krasnoyarsk-ch"]
[Site "Krasnoyarsk"]
[Date "2016.03.01"]
[Round "4"]
[White "Izbranov, Alexander"]
[Black "Dunaevskaya, Alisa"]
[Result "1-0"]
[WhiteElo "2075"]
[BlackElo "1558"]
[PlyCount "39"]
[EventDate "2016.02.01"]
[EventType "swiss"]
[EventRounds "9"]
[EventCountry "RUS"]
[SourceTitle "CBM 171 Extra"]
[Source "ChessBase"]
[SourceDate "2016.04.26"]
[SourceVersion "1"]
[SourceVersionDate "2016.04.26"]
[SourceQuality "1"]

1. f4 Nf6 2. Nf3 d6 3. e3 g6 4. b3 Bg7 5. Bb2 0-0 6. Be2 b6 7. 0-0 Bb7 8. Qe1 Nbd7 9. Bc4 a6 10. a4 Bd5 11. Bxd5 Nxd5 12. Bxg7 Kxg7 13. d3 e6 14. c4 Qf6 15. Ra2 Ne7 16. d4 c5 17. Nbd2 d5 18. Ne5 Rfd8 19. e4 cxd4 20. Ng4 1-0

[Event "Krasnoyarsk-ch"]
[Site "Krasnoyarsk"]
[Date "2014.02.06"]
[Round "8"]
[White "Izbranov, Alexander"]
[Black "Kostyleva, Alexandra"]
[Result "1/2-1/2"]
[WhiteElo "2085"]
[BlackElo "1904"]
[PlyCount "90"]
[EventDate "2014.01.30"]
[EventType "tourn"]
[EventRounds "11"]
[EventCountry "RUS"]
[SourceTitle "EXT 2016"]
[Source "ChessBase"]
[SourceDate "2015.10.08"]
[SourceVersion "1"]
[SourceVersionDate "2015.10.08"]
[SourceQuality "1"]

1. f4 d5 2. Nf3 Nf6 3. e3 g6 4. b3 Bg7 5. Bb2 c5 6. Be2 0-0 7. 0-0 Nc6 8. Bb5 Bd7 9. d3 Ng4 10. Bxg7 Kxg7 11. Qe1 Nb4 12. Bxd7 Qxd7 13. Qc3+ f6 14. d4 Nxc2 15. Qxc2 Nxe3 16. Qd3 Nxf1 17. Kxf1 c4 18. Qe3 b5 19. Nc3 a5 20. Re1 Kf7 21. a4 b4 22. Nb5 c3 23. Re2 Ra6 24. Ne1 Re6 25. Qh3 Rh8 26. Nd3 Qc8 27. Rc2 Re4 28. Qxc8 Rxc8 29. g3 Re6 30. Nc5 Rb6 31. Ke2 Ke8 32. Kd3 e5 33. Nb7 e4+ 34. Ke3 Ke7 35. Nc5 h6 36. Rf2 f5 37. Rf1 h5 38. h3 Rcc6 39. Rg1 Rb8 40. Ke2 Rg8 41. h4 Rb8 42. Re1 Rbb6 43. Kd1 Kd8 44. Kc2 Rf6 45. Re3 Rf7 1/2-1/2

[Event "Krasnoyarsk-ch"]
[Site "Krasnoyarsk"]
[Date "2014.02.01"]
[Round "3"]
[White "Izbranov, Alexander"]
[Black "Lapin, Petr"]
[Result "0-1"]
[WhiteElo "2085"]
[BlackElo "1917"]
[PlyCount "134"]
[EventDate "2014.01.30"]
[EventType "tourn"]
[EventRounds "11"]
[EventCountry "RUS"]
[SourceTitle "EXT 2016"]
[Source "ChessBase"]
[SourceDate "2015.10.08"]
[SourceVersion "1"]
[SourceVersionDate "2015.10.08"]
[SourceQuality "1"]

1. f4 Nf6 2. Nf3 g6 3. e3 Bg7 4. d4 c5 5. Bd3 0-0 6. 0-0 d6 7. c3 b6 8. e4 Bb7 9. d5 Nbd7 10. Qe2 a6 11. a4 Qe8 12. c4 e5 13. Nc3 Qe7 14. fxe5 Nxe5 15. Bg5 h6 16. Bh4 Nxf3+ 17. Qxf3 g5 18. Bg3 Nd7 19. Qh5 Nf6 20. Qe2 Nd7 21. Rae1 Ne5 22. Nd1 Bc8 23. Ne3 Bd7 24. b3 Rae8 25. Bc2 Ng6 26. Qh5 Kh7 27. Nf5 Qf6 28. Nxd6 Qd4+ 29. Kh1 Re7 30. Nf5 Qc3 31. Qd1 Ree8 32. Nd6 Re7 33. Qe2 Be5 34. Bxe5 Qxe5 35. Nf5 Bxf5 36. Rxf5 Qxf5 37. exf5 Rxe2 38. Rxe2 Nf4 39. Re1 Kg7 40. g3 Nh5 41. Kg2 Kf6 42. Kf3 Ng7 43. g4 Ne8 44. a5 b5 45. cxb5 axb5 46. Bd3 Nd6 47. Rc1 c4 48. bxc4 bxc4 49. Bc2 Ra8 50. Ra1 Ke5 51. a6 Ra7 52. Ra5 Kd4 53. Ke2 Kc3 54. Kd1 Kb4 55. Ra4+ Kc5 56. Kd2 Kxd5 57. Kc3 Kc5 58. Ra5+ Nb5+ 59. Kb2 Kb4 60. Ra4+ Kc5 61. Be4 Nd6 62. Bf3 Kb5 63. Ka3 f6 64. Bd5 c3 65. Rb4+ Kc5 66. Be6 Rxa6+ 67. Kb3 c2 0-1

[Event "Krasnoyarsk-ch"]
[Site "Krasnoyarsk"]
[Date "2013.02.07"]
[Round "7"]
[White "Piskunova, Maria"]
[Black "Izbranov, Alexander"]
[Result "1-0"]
[WhiteElo "1878"]
[BlackElo "2090"]
[PlyCount "129"]
[EventDate "2013.02.01"]
[EventType "tourn"]
[EventRounds "11"]
[EventCountry "RUS"]
[SourceTitle "CBM 153 Extra"]
[Source "ChessBase"]
[SourceDate "2013.04.22"]
[SourceVersion "1"]
[SourceVersionDate "2013.04.22"]
[SourceQuality "1"]

1. e4 e5 2. Nf3 Nf6 3. Nc3 Bb4 4. Bc4 0-0 5. d3 d5 6. exd5 Nxd5 7. Bd2 Bxc3 8. bxc3 Bg4 9. h3 Bh5 10. g4 Bg6 11. 0-0 Nc6 12. Rb1 Nb6 13. Bb5 e4 14. dxe4 Bxe4 15. Bxc6 Bxc6 16. Nd4 Bd5 17. Bf4 Bxa2 18. Ra1 Bc4 19. Re1 Nd5 20. Be5 c5 21. Nf5 f6 22. Bd6 Re8 23. Qd2 Qb6 24. Rab1 Qc6 25. Rxe8+ Rxe8 26. Re1 b6 27. h4 g6 28. Ne7+ Nxe7 29. Bxe7 Qd5 30. Qf4 Qf7 31. Qd6 f5 32. g5 Bd5 33. Re5 Bc4 34. Qc7 a5 35. Qxb6 a4 36. Qxc5 f4 37. Bd6 Rxe5 38. Qxe5 f3 39. Bc5 Bb5 40. Bd4 Qd7 41. Qh8+ Kf7 42. Qxh7+ Ke6 43. Qxd7+ Bxd7 44. c4 Kf5 45. Kf1 Kg4 46. Ke1 Kxh4 47. Bf6 Kg4 48. Kd2 Kf4 49. Kc3 Ke4 50. Kb4 Kf5 51. Kc5 Ke6 52. Kb6 Kd6 53. c5+ Kd5 54. c4+ Kxc4 55. c6 Bf5 56. c7 Kd3 57. Kb7 Ke2 58. Bd4 a3 59. c8Q Bxc8+ 60. Kxc8 a2 61. Kd7 a1Q 62. Bxa1 Kxf2 63. Bd4+ Kg3 64. Ke6 Kg4 65. Kf6 1-0

[Event "Krasnoyarsk op"]
[Site "Krasnoyarsk"]
[Date "2011.10.08"]
[Round "10"]
[White "Langin, Viktor Petrovich"]
[Black "Izbranov, Alexander"]
[Result "1-0"]
[WhiteElo "2023"]
[BlackElo "2097"]
[PlyCount "155"]
[EventDate "2011.09.29"]
[EventType "swiss"]
[EventRounds "11"]
[EventCountry "RUS"]
[SourceTitle "EXT 2013"]
[Source "ChessBase"]
[SourceDate "2012.11.22"]
[SourceVersion "1"]
[SourceVersionDate "2012.11.22"]
[SourceQuality "1"]

1. e4 e5 2. Nf3 Nf6 3. Nxe5 Nxe4 4. d4 Nc6 5. Bd3 Nf6 6. 0-0 Be7 7. Re1 0-0 8. c3 d6 9. Nxc6 bxc6 10. h3 Be6 11. c4 Qd7 12. Qf3 Rfe8 13. Nc3 d5 14. c5 Rab8 15. a3 Bf8 16. Rd1 Qd8 17. Rb1 h6 18. b4 Bd7 19. Bf4 Re6 20. Bf5 Re7 21. Bd3 Re6 22. Bf5 Re7 23. Bd3 Rc8 24. a4 Nh7 25. b5 Ng5 26. Bxg5 hxg5 27. bxc6 Bxc6 28. Qh5 g6 29. Bxg6 Bg7 30. Bf5 Ra8 31. Kh2 Re8 32. Rd3 Qf6 33. Bh7+ Kf8 34. Rf3 Qe6 35. Ne2 Re7 36. Ng3 Qh6 37. Qxh6 Bxh6 38. Nf5 Re6 39. a5 a6 40. Nxh6 Rxh6 41. Bd3 Re6 42. Kg3 Ke7 43. Rf5 f6 44. h4 gxh4+ 45. Kxh4 Rg8 46. g3 Bd7 47. Rh5 Re4+ 48. f4 Rg4+ 49. Kh3 Rxd4 50. Bf5 Bxf5 51. Rxf5 Rg7 52. Rb3 Rh7+ 53. Kg4 Ke6 54. Rh5 Rg7+ 55. Kf3 Rc4 56. Re3+ Re4 57. Rxe4+ dxe4+ 58. Kxe4 Rxg3 59. Rh7 f5+ 60. Kd4 Ra3 61. Rh6+ Kd7 62. Rxa6 Ra4+ 63. Ke5 Rc4 64. c6+ Ke7 65. Kxf5 Kd6 66. Ra8 Kxc6 67. a6 Ra4 68. Kg5 Kd7 69. f5 Ke7 70. f6+ Kf7 71. a7 Ra1 72. Kf4 Ra4+ 73. Ke3 Ra3+ 74. Kd4 Ra5 75. Kc4 Ra4+ 76. Kb5 Ra3 77. Kc6 Rf3 78. Rh8 1-0

[Event "Krasnoyarsk op"]
[Site "Krasnoyarsk"]
[Date "2011.10.04"]
[Round "6"]
[White "Izbranov, Alexander"]
[Black "Dobrovolskiy, Roman"]
[Result "1/2-1/2"]
[WhiteElo "2097"]
[BlackElo "2147"]
[PlyCount "124"]
[EventDate "2011.09.29"]
[EventType "swiss"]
[EventRounds "11"]
[EventCountry "RUS"]
[SourceTitle "EXT 2013"]
[Source "ChessBase"]
[SourceDate "2012.11.22"]
[SourceVersion "1"]
[SourceVersionDate "2012.11.22"]
[SourceQuality "1"]

1. f4 d6 2. Nf3 g6 3. e4 Bg7 4. d4 Nf6 5. Bd3 c5 6. c3 cxd4 7. cxd4 Nc6 8. d5 Qa5+ 9. Bd2 Nb4 10. Bc3 0-0 11. 0-0 Ng4 12. Bxg7 Kxg7 13. Be2 Kg8 14. a3 Ne3 15. Qd2 Nxf1 16. Kxf1 Nc6 17. dxc6 Qxd2 18. Nbxd2 bxc6 19. b4 Bd7 20. Nc4 Rfc8 21. e5 d5 22. Na5 c5 23. Ba6 Rc7 24. Rc1 Rb8 25. Nb3 c4 26. Nbd4 Rb6 27. b5 e6 28. Rc3 Bc8 29. Bxc8 Rxc8 30. a4 a6 31. Nc6 Ra8 32. Nfd4 axb5 33. axb5 Ra2 34. h3 h5 35. h4 Kg7 36. Kg1 Rb2 37. Kh2 R6xb5 38. Nxb5 Rxb5 39. Nd4 Rb1 40. Kg3 Rd1 41. Nf3 Rb1 42. Rc2 Rb3 43. Kf2 Kf8 44. Nd4 Rd3 45. Ne2 Ke7 46. Rc3 Rd1 47. Ke3 Kd7 48. Ra3 Kc6 49. Ra7 Rd3+ 50. Kf2 d4 51. Rxf7 Rd2 52. Ke1 c3 53. Rf6 Kd5 54. Rxg6 Ke4 55. Rxe6 Ke3 56. Nxc3 dxc3 57. Rc6 Rxg2 58. Rxc3+ Kxf4 59. e6 Rg6 60. Rc6 Kf5 61. Rc5+ Kxe6 62. Rxh5 Rg2 1/2-1/2

[Event "Krasnoyarsk op"]
[Site "Krasnoyarsk"]
[Date "2011.10.01"]
[Round "2"]
[White "Anikonov, Dmitry"]
[Black "Izbranov, Alexander"]
[Result "1-0"]
[WhiteElo "1974"]
[BlackElo "2097"]
[PlyCount "109"]
[EventDate "2011.09.29"]
[EventType "swiss"]
[EventRounds "11"]
[EventCountry "RUS"]
[SourceTitle "EXT 2013"]
[Source "ChessBase"]
[SourceDate "2012.11.22"]
[SourceVersion "1"]
[SourceVersionDate "2012.11.22"]
[SourceQuality "1"]

1. d4 f5 2. g3 Nf6 3. Bg2 e6 4. c4 Bb4+ 5. Bd2 Bxd2+ 6. Nxd2 d5 7. Ngf3 0-0 8. 0-0 Nbd7 9. Qc2 c6 10. cxd5 Nxd5 11. Nc4 Qe7 12. Rac1 N7f6 13. Nfe5 Bd7 14. Qb3 Rab8 15. Nd3 b6 16. f3 c5 17. dxc5 bxc5 18. Qa3 Bb5 19. Nxc5 Rfc8 20. Ne5 a5 21. Rfe1 Qd6 22. f4 Qb6 23. Kh1 Be8 24. Ncd3 Ne3 25. Rxc8 Rxc8 26. b3 Nc2 27. Qc1 Rc7 28. Nc4 Rxc4 29. bxc4 Nxe1 30. Qxe1 Bc6 31. c5 Bxg2+ 32. Kxg2 Qc6+ 33. Kg1 Qe4 34. Qd2 Qd4+ 35. e3 Qa4 36. Ne5 Nd5 37. c6 Qe4 38. h3 Qb1+ 39. Kh2 Qb6 40. g4 Nxe3 41. c7 Nf1+ 42. Kg2 Qxc7 43. Kxf1 fxg4 44. hxg4 h6 45. Kg2 Qb7+ 46. Kg3 a4 47. Qd6 Qc8 48. Qc6 Qb8 49. Qxe6+ Kh7 50. Nf3 Qb4 51. g5 h5 52. g6+ Kh6 53. Qf5 Qe7 54. Ne5 Qa3+ 55. Kh4 1-0

[Event "Krasnoyarsk-ch"]
[Site "Krasnoyarsk"]
[Date "2011.02.06"]
[Round "6"]
[White "Izbranov, Alexander"]
[Black "Mikhalchenko, Petr"]
[Result "0-1"]
[WhiteElo "2101"]
[BlackElo "2392"]
[PlyCount "74"]
[EventDate "2011.02.01"]
[EventType "tourn"]
[EventRounds "11"]
[EventCountry "RUS"]
[SourceTitle "CBM 141 Extra"]
[Source "ChessBase"]
[SourceDate "2011.05.03"]
[SourceVersion "1"]
[SourceVersionDate "2011.05.03"]
[SourceQuality "1"]

1. f4 c5 2. Nf3 g6 3. e3 Bg7 4. d4 cxd4 5. exd4 Nf6 6. Bd3 b6 7. 0-0 Ba6 8. c3 0-0 9. f5 gxf5 10. Bxa6 Nxa6 11. Qd3 Qc8 12. Qxf5 d6 13. Qd3 Nc7 14. Nbd2 Ncd5 15. Ne4 Qg4 16. Nfg5 Nxe4 17. h3 Qh4 18. Nxe4 f5 19. Ng5 h6 20. Qc4 hxg5 21. Qxd5+ Kh7 22. Bd2 f4 23. Rae1 Bf6 24. Re6 Kh8 25. c4 Rac8 26. Bc3 Qh7 27. b3 Rg8 28. Qf3 d5 29. Qxd5 g4 30. hxg4 Rxg4 31. Qe4 Qh4 32. Be1 Qg5 33. Rf2 Rg8 34. Bc3 f3 35. Qxf3 Rg3 36. Rxf6 exf6 37. Bd2 Rxf3 0-1

[Event "Krasnoyarsk-ch"]
[Site "Krasnoyarsk"]
[Date "2011.02.05"]
[Round "5"]
[White "Khegay, Dmitriy"]
[Black "Izbranov, Alexander"]
[Result "0-1"]
[WhiteElo "2176"]
[BlackElo "2101"]
[PlyCount "160"]
[EventDate "2011.02.01"]
[EventType "tourn"]
[EventRounds "11"]
[EventCountry "RUS"]
[SourceTitle "CBM 141 Extra"]
[Source "ChessBase"]
[SourceDate "2011.05.03"]
[SourceVersion "1"]
[SourceVersionDate "2011.05.03"]
[SourceQuality "1"]

1. d4 d5 2. Bg5 Nf6 3. Nc3 Bf5 4. Bxf6 exf6 5. e4 dxe4 6. Qe2 c6 7. Nxe4 Be7 8. Ng3 Be6 9. Nf3 0-0 10. Qd2 Qb6 11. Bd3 Re8 12. 0-0 Na6 13. a4 Nb4 14. Bf5 Bf8 15. Rfe1 Bxf5 16. Nxf5 Nd5 17. Ne3 Nf4 18. Nc4 Qc7 19. a5 Rad8 20. c3 Nd5 21. Rxe8 Rxe8 22. Re1 Rd8 23. Qe2 Qd7 24. Nfd2 Nf4 25. Qf3 Ne6 26. Qg4 Qd5 27. Qe4 Qh5 28. b4 Nc7 29. Nf1 Qb5 30. Nce3 Re8 31. Qb1 b6 32. axb6 axb6 33. Nc2 Qd3 34. Rxe8 Nxe8 35. Qb2 Nc7 36. Ne1 Qd1 37. Qd2 Qb1 38. Ne3 g6 39. Qd1 Qa2 40. Qc2 Qa1 41. Nd1 Nd5 42. Kf1 b5 43. Ke2 Kg7 44. Nd3 Bd6 45. g3 h5 46. Qb2 Qa8 47. Ne3 Qe8 48. Qd2 Nb6 49. Nc5 Qc8 50. Ne4 Be7 51. h4 Qe8 52. Qd3 f5 53. Nc5 f4 54. gxf4 Bxh4 55. f5 Nd5 56. Kf3 Nc7 57. fxg6 fxg6 58. Qe4 Qf7+ 59. Ke2 Qxf2+ 60. Kd3 Nd5 61. Ne6+ Kh6 62. Nxd5 cxd5 63. Qe5 Qf3+ 64. Kc2 Qf5+ 65. Kd2 Qxe5 66. dxe5 Bg3 67. Nd8 Kg7 68. Ne6+ Kf7 69. Ng5+ Ke7 70. Nf3 h4 71. Ke2 h3 72. Kf1 Bf4 73. Kf2 g5 74. Nd4 Bxe5 75. Nxb5 Ke6 76. Kg1 g4 77. Na3 Bxc3 78. b5 g3 79. Nc2 Kd6 80. b6 Kc6 0-1

[Event "Krasnoyarsk Marchko Memorial"]
[Site "Krasnoyarsk"]
[Date "2010.12.25"]
[Round "9"]
[White "Izbranov, Alexander"]
[Black "Avdeenko, Tatiana"]
[Result "1/2-1/2"]
[WhiteElo "2101"]
[BlackElo "2185"]
[PlyCount "113"]
[EventDate "2010.12.17"]
[EventType "tourn"]
[EventRounds "9"]
[EventCountry "RUS"]
[SourceTitle "CBM 140 Extra"]
[Source "ChessBase"]
[SourceDate "2011.03.01"]
[SourceVersion "1"]
[SourceVersionDate "2011.03.01"]
[SourceQuality "1"]

1. f4 d5 2. Nf3 g6 3. e3 Bg7 4. Be2 Nf6 5. 0-0 c5 6. Ne5 0-0 7. b3 d4 8. Bb2 Nc6 9. Nxc6 bxc6 10. Na3 Nd7 11. Bf3 Qc7 12. c3 Ba6 13. c4 e5 14. f5 gxf5 15. e4 f4 16. Bg4 Nf6 17. Bf3 Rad8 18. d3 Rd6 19. Nc2 Bc8 20. Ba3 Nd7 21. Bg4 Qb6 22. Rb1 a5 23. Bc1 Nf6 24. Bf3 Kh8 25. Bd2 Rd7 26. Qe1 Ra7 27. Qh4 Qd8 28. g3 fxg3 29. Qxg3 Rg8 30. Kh1 Bh6 31. Qf2 Bxd2 32. Qxd2 Ng4 33. Rg1 Qh4 34. Rg3 f6 35. Rbg1 Rag7 36. Bxg4 Bxg4 37. Qf2 Rg6 38. Ne1 Be6 39. Ng2 Qh6 40. Ne1 Rxg3 41. Rxg3 Rxg3 42. Qxg3 Qc1 43. Kg2 Qd1 44. Qf3 Qd2+ 45. Qf2 Qg5+ 46. Qg3 Kg7 47. a3 Bg4 48. h3 Bd1 49. Qxg5+ fxg5 50. Kg3 Kg6 51. Kf2 Kh5 52. Kg3 h6 53. Kf2 Kh4 54. Kg2 h5 55. Kh2 g4 56. Ng2+ Kg5 57. h4+ 1/2-1/2

[Event "Krasnoyarsk Marchko Memorial"]
[Site "Krasnoyarsk"]
[Date "2010.12.24"]
[Round "8"]
[White "Pakhomov, Denis"]
[Black "Izbranov, Alexander"]
[Result "0-1"]
[WhiteElo "2068"]
[BlackElo "2101"]
[PlyCount "62"]
[EventDate "2010.12.17"]
[EventType "tourn"]
[EventRounds "9"]
[EventCountry "RUS"]
[SourceTitle "CBM 140 Extra"]
[Source "ChessBase"]
[SourceDate "2011.03.01"]
[SourceVersion "1"]
[SourceVersionDate "2011.03.01"]
[SourceQuality "1"]

1. e4 e5 2. Nf3 Nf6 3. Nxe5 Nxe4 4. Qe2 Qe7 5. Qxe4 d6 6. d4 dxe5 7. dxe5 Nc6 8. Bb5 Bd7 9. Nc3 0-0-0 10. Bf4 Re8 11. 0-0-0 a6 12. Ba4 g5 13. Bg3 f5 14. Qd3 f4 15. Nd5 Qe6 16. Nf6 Rd8 17. Bb3 Nxe5 18. Qd4 Qxf6 19. Qa7 Nc6 20. Qa8+ Nb8 21. Rhe1 Ba3 22. Rd3 Qxb2+ 23. Kd1 Qc1+ 24. Ke2 Rhe8+ 25. Re3 Bb5+ 26. Kf3 Rxe3+ 27. fxe3 Bc6+ 28. Kg4 Bd7+ 29. Kh5 Qd2 30. exf4 gxf4 31. Bh4 Qxg2 0-1